[Event "Titled Tue 3rd Jan Late"]
[Site "chess.com INT"]
[Date "2025.06.03"]
[Round "1"]
[White "Materia, Marco"]
[Black "Tikhonov, Viacheslav"]
[Result "1-0"]
[WhiteTitle "IM"]
[BlackTitle "CM"]
[WhiteElo "2489"]
[BlackElo "2183"]
[WhiteFideId "45150451"]
[BlackFideId "44196407"]
[EventDate "2025.06.03"]

1. c4 g6 2. Nc3 Nf6 3. Nf3 Bg7 4. g3 O-O 5. Bg2 c6 6. O-O d5 7. d4 dxc4 8. Ne5
Ng4 9. Nxg4 Bxg4 10. h3 Be6 11. e3 a5 12. Bd2 Na6 13. a3 Rc8 14. Qe2 b5 15. Rfd1
Qd7 16. Kh2 Rfd8 17. Ne4 Bd5 18. Bxa5 Re8 19. Bc3 Qb7 20. h4 c5 21. f3 b4 22.
axb4 cxb4 23. Be1 Ra8 24. Nf2 Rec8 25. e4 Bc6 26. d5 Bd7 27. e5 c3 28. bxc3 bxc3
29. f4 Bb5 30. Qe3 c2 31. Rdc1 Qa7 32. Qe4 Rab8 33. Rxc2 Rxc2 34. Qxc2 Nb4 35.
Qb1 1-0

[Event "Titled Tue 3rd Jan Late"]
[Site "chess.com INT"]
[Date "2025.06.03"]
[Round "1"]
[White "Matta, Vinay Kumar"]
[Black "Wang, Justin Zhide"]
[Result "1-0"]
[WhiteTitle "FM"]
[BlackTitle "CM"]
[WhiteElo "2120"]
[BlackElo "2007"]
[WhiteFideId "5016649"]
[BlackFideId "4312830"]
[EventDate "2025.06.03"]

1. e4 e5 2. Bc4 Nf6 3. d3 c6 4. Nf3 d5 5. Bb3 a5 6. a4 Bb4+ 7. c3 Bd6 8. O-O O-O
9. Re1 Bg4 10. h3 Bxf3 11. Qxf3 dxe4 12. dxe4 Nbd7 13. Nd2 Nc5 14. Bc2 Ne6 15.
Nc4 Bc7 16. Be3 Qe7 17. Bb6 Bxb6 18. Nxb6 Rad8 19. Nc4 Qc5 20. Ne3 Nf4 21. Nf5
g6 22. Nh6+ Kg7 23. Ng4 Rd2 24. Nxf6 Kxf6 25. g3 Kg7 26. gxf4 Rxc2 27. f5 Rxb2
28. f6+ Kg8 29. Rad1 Re8 30. Rd7 Rb3 31. Red1 Rxc3 32. Rd8 Kf8 33. Qg4 Rg3+ 34.
Qxg3 Qc2 35. Qa3+ c5 36. Qd3 Qxa4 37. Qd6+ Kg8 38. Qe7 h5 39. Rxe8+ Kh7 40. Rh8+
Kxh8 41. Qf8+ Kh7 42. Qg7# 1-0

[Event "Titled Tue 3rd Jan Late"]
[Site "chess.com INT"]
[Date "2025.06.03"]
[Round "1"]
[White "Shi, Roger V"]
[Black "Shukhman, Anna"]
[Result "0-1"]
[BlackTitle "WGM"]
[WhiteElo "2137"]
[BlackElo "2413"]
[WhiteFideId "30980119"]
[BlackFideId "54180058"]
[EventDate "2025.06.03"]

1. e4 c5 2. Nf3 d6 3. Bb5+ Nd7 4. a4 Nf6 5. Nc3 a6 6. Be2 g6 7. a5 Bg7 8. O-O
O-O 9. d3 b5 10. axb6 Nxb6 11. Qd2 a5 12. Qg5 a4 13. Qh4 d5 14. Bh6 d4 15. Bxg7
Kxg7 16. Nb1 h6 17. Nbd2 Be6 18. h3 Qc7 19. c3 dxc3 20. bxc3 Rfd8 21. e5 Nfd5
22. Ne4 c4 23. d4 a3 24. Nc5 Bf5 25. Nd2 Nxc3 26. Bxc4 Nxc4 27. Nxc4 Rxd4 28.
Qg3 Ne2+ 0-1

[Event "Titled Tue 3rd Jan Late"]
[Site "chess.com INT"]
[Date "2025.06.03"]
[Round "1"]
[White "Petrus, Adrian"]
[Black "Antoniou, Rafail"]
[Result "0-1"]
[WhiteTitle "CM"]
[BlackTitle "CM"]
[WhiteElo "2203"]
[BlackElo "2134"]
[WhiteFideId "14573652"]
[BlackFideId "5904390"]
[EventDate "2025.06.03"]

1. e4 c5 2. Nf3 e6 3. c3 Nf6 4. e5 Nd5 5. d4 cxd4 6. cxd4 d6 7. a3 dxe5 8. dxe5
Be7 9. Bd3 O-O 10. O-O Bd7 11. Qe2 Bc6 12. Rd1 Nd7 13. Qe4 g6 14. Qe2 Qc7 15.
Bd2 Nc5 16. Bc2 Rfd8 17. Nc3 Rac8 18. h4 Nxc3 19. Bxc3 Rxd1+ 20. Rxd1 Rd8 21.
Rxd8+ Qxd8 22. h5 Qd5 23. hxg6 hxg6 24. Bb4 Bd8 25. Bd2 Ne4 26. Be3 Nc5 27. Ne1
Bb6 28. Qg4 Qxe5 29. Nf3 Qxb2 30. Bxg6 fxg6 31. Qxg6+ Qg7 32. Qh5 Ne4 33. Bh6
Bxf2+ 34. Kh2 Bg3+ 35. Kh1 Qa1+ 0-1

[Event "Titled Tue 3rd Jan Late"]
[Site "chess.com INT"]
[Date "2025.06.03"]
[Round "1"]
[White "Medina Paz, Miguel"]
[Black "Thomforde-Toates, Noah"]
[Result "0-1"]
[WhiteTitle "IM"]
[WhiteElo "2368"]
[BlackElo "2128"]
[WhiteFideId "7300379"]
[BlackFideId "30951992"]
[EventDate "2025.06.03"]

1. d4 Nf6 2. c4 g6 3. Nc3 Bg7 4. e4 d6 5. Be2 O-O 6. Bg5 c5 7. d5 a6 8. a4 e6 9.
Nf3 exd5 10. exd5 h6 11. Bf4 Re8 12. O-O Nh5 13. Be3 Nd7 14. Qd2 Kh7 15. a5 Rb8
16. Ra4 Ndf6 17. b4 cxb4 18. Bb6 bxc3 19. Bxd8 cxd2 20. Bc7 Rxe2 21. Bxb8 Ne4
22. c5 Nxc5 23. Rc4 Ne4 24. Rxc8 Rxf2 25. Nxd2 Rxd2 26. Ba7 f5 27. Rc7 Rxd5 28.
Rxb7 Rxa5 29. Rc1 g5 30. Bd4 Kg6 31. Bxg7 Nxg7 32. Rcc7 Ra1+ 0-1

[Event "Titled Tue 3rd Jan Late"]
[Site "chess.com INT"]
[Date "2025.06.03"]
[Round "1"]
[White "Ferey, Antonin"]
[Black "Xiong, Jeffery"]
[Result "0-1"]
[WhiteTitle "CM"]
[BlackTitle "GM"]
[WhiteElo "2238"]
[BlackElo "2636"]
[WhiteFideId "36051454"]
[BlackFideId "2047640"]
[EventDate "2025.06.03"]

1. d4 d5 2. Nf3 Nf6 3. c4 e6 4. e3 b6 5. b3 Bb7 6. Bb2 Bd6 7. Nbd2 O-O 8. Bd3
Nbd7 9. O-O Qe7 10. Qe2 Ne4 11. Ne5 Bxe5 12. dxe5 Nxd2 13. Qxd2 dxc4 14. Bxc4
Rfd8 15. Qe2 Nc5 16. f3 Bd5 17. Ba3 Bxc4 18. Qxc4 Rd5 19. f4 Rad8 20. Rac1 Qh4
21. Bxc5 Rxc5 22. Qe2 Qe7 23. Rfd1 Rxc1 24. Rxc1 Qd7 25. Kf2 c5 26. Ke1 Qd5 27.
Rd1 Qxd1+ 28. Qxd1 Rxd1+ 29. Kxd1 Kf8 30. Kd2 Ke7 31. Kd3 Kd7 32. e4 Kc6 33. g4
b5 34. Kc3 b4+ 35. Kc4 Kb6 36. h4 Kc6 37. f5 Kb6 38. g5 g6 39. Kd3 Kb5 40. Ke3
c4 41. Kd4 cxb3 42. axb3 a5 43. Kd3 a4 44. bxa4+ Kxa4 45. Kc4 b3 46. Kc5 b2 47.
Kd6 b1=Q 48. Ke7 Qxe4 0-1

[Event "Titled Tue 3rd Jan Late"]
[Site "chess.com INT"]
[Date "2025.06.03"]
[Round "1"]
[White "Volkov, Maksim"]
[Black "Danila, Tudor-Gabriel"]
[Result "0-1"]
[WhiteTitle "FM"]
[BlackTitle "CM"]
[WhiteElo "2370"]
[BlackElo "2178"]
[WhiteFideId "54123070"]
[BlackFideId "1274244"]
[EventDate "2025.06.03"]

1. d4 Nf6 2. c4 e6 3. Bf4 c5 4. d5 d6 5. Nc3 e5 6. Bd2 g6 7. e4 Bg7 8. h3 O-O 9.
g4 a6 10. Bd3 Kh8 11. Nge2 Ne8 12. Ng3 Nc7 13. a4 b6 14. h4 f5 15. exf5 gxf5 16.
Nxf5 Bxf5 17. gxf5 Nd7 18. h5 e4 19. Nxe4 Bxb2 20. Rb1 Be5 21. Ng5 b5 22. axb5
axb5 23. cxb5 Nxd5 24. Ne6 Qf6 25. Be4 N7b6 26. Bg5 Bc3+ 27. Kf1 Qe5 28. Bxd5
Qxf5 29. Nxf8 Nxd5 30. Nd7 Bd4 31. Rh2 Ra2 32. Bh4 Ne3+ 33. Kg1 Nxd1 34. Rxd1
Qg4+ 35. Kh1 Qxd1+ 36. Kg2 Qg4+ 37. Kf1 Ra1# 0-1

[Event "Titled Tue 3rd Jan Late"]
[Site "chess.com INT"]
[Date "2025.06.03"]
[Round "1"]
[White "Deichmann, Esteban Horacio"]
[Black "Deac, Bogdan-Daniel"]
[Result "0-1"]
[BlackTitle "GM"]
[WhiteElo "2085"]
[BlackElo "2668"]
[WhiteFideId "167410"]
[BlackFideId "1226380"]
[EventDate "2025.06.03"]

1. e4 e6 2. d4 d5 3. exd5 exd5 4. Qf3 Nc6 5. c3 Be6 6. Bd3 Bd6 7. Ne2 Qf6 8. Bf4
O-O-O 9. Nd2 h5 10. Bxd6 Rxd6 11. h3 h4 12. O-O-O Qxf3 13. Nxf3 Nge7 14. Nf4 Bf5
15. Rhe1 Bxd3 16. Rxd3 f6 17. Ne6 Nf5 18. Nc5 b6 19. Nb3 Nd8 20. Rd2 Ne6 21. Nh2
Nf4 22. f3 Rdd8 23. Ng4 Rde8 24. Kd1 Kd7 25. Nc1 Rxe1+ 26. Kxe1 Re8+ 27. Kf2 Ng3
28. Rd1 a5 29. b3 b5 30. Ne3 f5 31. c4 c6 32. cxd5 cxd5 33. Rd2 Nh1+ 34. Kg1
Rxe3 35. Rc2 Re1+ 36. Kh2 Ng3 0-1

[Event "Titled Tue 3rd Jan Late"]
[Site "chess.com INT"]
[Date "2025.06.03"]
[Round "1"]
[White "Tabatabaei, M. Amin"]
[Black "Senthilkumar, Pranav"]
[Result "0-1"]
[WhiteTitle "GM"]
[BlackTitle "CM"]
[WhiteElo "2670"]
[BlackElo "2061"]
[WhiteFideId "12521213"]
[BlackFideId "2083477"]
[EventDate "2025.06.03"]

1. d4 Nf6 2. c4 e6 3. Nc3 d5 4. cxd5 exd5 5. Bg5 Be7 6. e3 c6 7. Bd3 O-O 8. Qc2
h6 9. Bf4 Nbd7 10. h3 Re8 11. Nf3 Nf8 12. O-O b6 13. Rad1 Bb7 14. Ne5 Rc8 15.
Bf5 Ne6 16. Bh2 Bd6 17. Rfe1 Qc7 18. Qb3 Nd7 19. f4 Nf6 20. g4 c5 21. Bxe6 Rxe6
22. f5 Rxe5 23. dxe5 Bxe5 24. Bxe5 Qxe5 25. Qc2 d4 26. Qh2 Qxh2+ 27. Kxh2 dxc3
28. bxc3 Ne4 29. c4 Ba6 30. Rd7 Bxc4 31. Red1 Bxa2 32. Rxa7 Bc4 33. h4 b5 34.
Kg2 b4 35. Kf3 Nc3 36. Rc1 Bd5+ 37. e4 Bxe4+ 38. Ke3 Bd5 39. Kd3 Rb8 40. Re1
Be4+ 41. Kd2 b3 42. Kc1 b2+ 0-1

[Event "Titled Tue 3rd Jan Late"]
[Site "chess.com INT"]
[Date "2025.06.03"]
[Round "1"]
[White "Rajaram, Rohan"]
[Black "Avila, Lucas"]
[Result "1-0"]
[WhiteTitle "CM"]
[WhiteElo "2164"]
[BlackElo "2182"]
[WhiteFideId "30940729"]
[BlackFideId "107751"]
[EventDate "2025.06.03"]

1. Nf3 Nf6 2. e3 g6 3. c4 Bg7 4. Nc3 O-O 5. d4 d6 6. Be2 Nbd7 7. O-O e5 8. e4
Re8 9. dxe5 dxe5 10. h3 c6 11. Bg5 h6 12. Be3 Qc7 13. Qc2 Nf8 14. Rad1 Ne6 15.
b4 Nh5 16. g3 Nd4 17. Nxd4 exd4 18. Bxd4 Bxd4 19. Rxd4 Nxg3 20. Rfd1 Nxe2+ 21.
Qxe2 Bxh3 22. Qe3 Be6 23. Qxh6 Rad8 24. Qg5 Rxd4 25. Rxd4 Qb6 26. c5 Qa6 27. a4
b6 28. e5 bxc5 29. bxc5 Bd5 30. Rxd5 cxd5 31. Nxd5 Qxa4 32. Nf6+ Kg7 33. Nxe8+
Qxe8 34. Qf6+ Kg8 35. c6 a5 36. c7 a4 37. Qd8 Kf8 38. Qxe8+ Kxe8 39. c8=Q+ 1-0

[Event "Titled Tue 3rd Jan Late"]
[Site "chess.com INT"]
[Date "2025.06.03"]
[Round "1"]
[White "Sivakumar, Ashvin"]
[Black "Popov, Konstantin"]
[Result "0-1"]
[WhiteTitle "FM"]
[BlackTitle "FM"]
[WhiteElo "2175"]
[BlackElo "2378"]
[WhiteFideId "5804655"]
[BlackFideId "34137910"]
[EventDate "2025.06.03"]

1. e4 c5 2. Nf3 d6 3. Be2 Nf6 4. d3 g6 5. O-O Bg7 6. c3 O-O 7. h3 c4 8. Nbd2
cxd3 9. Bxd3 Nc6 10. Re1 b6 11. Nc4 Bb7 12. Bf4 Nd7 13. Qe2 b5 14. Ne3 b4 15.
Ba6 Bxa6 16. Qxa6 Qb6 17. Qxb6 Nxb6 18. cxb4 Nxb4 19. Re2 Nd3 20. Bg5 Rfe8 21.
Rb1 e6 22. b3 Nc5 23. Bf4 Nxe4 24. Rc1 d5 25. Be5 f6 26. Bb2 Rac8 27. Rd1 Nd7
28. Nh2 a5 29. f3 Nec5 30. Rc2 Na6 31. Re2 a4 32. bxa4 Ndc5 33. a5 Red8 34. Nhg4
Kf7 35. Nc2 e5 36. f4 e4 37. Nd4 Nd3 38. Ba1 f5 39. Ne3 Nac5 40. g3 Bxd4 41.
Bxd4 Ne6 42. Ba1 d4 43. Ng2 Ra8 44. g4 Rxa5 45. gxf5 gxf5 46. Rf1 Rg8 47. Kh2
Rga8 48. Nh4 Rxa2 49. Rxa2 Rxa2+ 50. Kh1 Kf6 51. Ng2 Nb4 52. Ne3 Rxa1 53. Ng4+
fxg4 54. Rxa1 gxh3 55. Kh2 Nxf4 56. Kg3 Nbd5 57. Ra6+ Ke5 58. Rh6 d3 59. Rxh7 d2
60. Re7+ Nxe7 0-1

[Event "Titled Tue 3rd Jan Late"]
[Site "chess.com INT"]
[Date "2025.06.03"]
[Round "1"]
[White "Rueda Rojas, Richard Alejandro"]
[Black "Jumabayev, Rinat"]
[Result "0-1"]
[WhiteTitle "FM"]
[BlackTitle "GM"]
[WhiteElo "2090"]
[BlackElo "2551"]
[WhiteFideId "4491505"]
[BlackFideId "13702661"]
[EventDate "2025.06.03"]

1. d4 g6 2. c4 Bg7 3. Nf3 d6 4. g3 Nd7 5. Bg2 e5 6. O-O Ne7 7. Nc3 O-O 8. e4
exd4 9. Nxd4 Nc6 10. Be3 Nde5 11. Nxc6 bxc6 12. Qe2 Ba6 13. b3 Nxc4 14. bxc4
Bxc3 15. Rac1 Bg7 16. Rfd1 Qe7 17. Qc2 c5 18. e5 Rab8 19. Qa4 Rb6 20. Rb1 Rfb8
21. Rb3 Bxe5 22. Rdb1 Rxb3 23. Rxb3 Rxb3 24. axb3 Bc8 25. Qxa7 Kg7 26. Bd5 Bh3
27. Qb7 Bd4 28. Bg2 Bxg2 29. Bxd4+ cxd4 30. Kxg2 d3 31. Qd5 Qe2 32. Qd4+ Kg8 33.
c5 d2 34. cxd6 cxd6 0-1

[Event "Titled Tue 3rd Jan Late"]
[Site "chess.com INT"]
[Date "2025.06.03"]
[Round "1"]
[White "Powell, Paul"]
[Black "Lira, Suan Bruno Fernandes"]
[Result "1-0"]
[WhiteTitle "CM"]
[WhiteElo "2270"]
[BlackElo "2163"]
[WhiteFideId "2005840"]
[BlackFideId "22794620"]
[EventDate "2025.06.03"]

1. d4 d5 2. Nf3 Nf6 3. Bf4 e6 4. e3 c5 5. c3 Nc6 6. Nbd2 Bd6 7. Bg3 O-O 8. Bd3
Re8 9. O-O e5 10. dxe5 Nxe5 11. Nxe5 Bxe5 12. Bxe5 Rxe5 13. Re1 Bg4 14. Qb1 Qc7
15. h3 Bh5 16. Nf1 Rae8 17. Ng3 Bg6 18. Bxg6 hxg6 19. Rd1 b6 20. a4 g5 21. Qd3
g6 22. a5 g4 23. h4 Ne4 24. Nxe4 dxe4 25. Qd7 Qb8 26. axb6 axb6 27. Ra7 Rf8 28.
Rd6 Kg7 29. Rc6 g3 30. Rcc7 gxf2+ 31. Kxf2 Rf5+ 32. Kg1 Rf6 33. Qg4 Qd8 34. h5
Qd2 35. Qg5 Qe1+ 36. Kh2 Rh8 37. Rxf7+ Rxf7 38. Qxg6+ Kf8 39. Qxf7# 1-0

[Event "Titled Tue 3rd Jan Late"]
[Site "chess.com INT"]
[Date "2025.06.03"]
[Round "1"]
[White "Hamitevici, Vladimir"]
[Black "Alvarado, Carlos"]
[Result "0-1"]
[WhiteTitle "GM"]
[BlackTitle "CM"]
[WhiteElo "2423"]
[BlackElo "2032"]
[WhiteFideId "13902393"]
[BlackFideId "3800555"]
[EventDate "2025.06.03"]

1. e4 c6 2. Nf3 d5 3. exd5 cxd5 4. d4 Nf6 5. Ne5 Nc6 6. Bb5 Bd7 7. Nxd7 Qxd7 8.
O-O e6 9. c3 Bd6 10. Re1 a6 11. Bd3 h6 12. Nd2 O-O 13. Nf3 Qc7 14. Qe2 Bf4 15.
Bxf4 Qxf4 16. g3 Qc7 17. a4 Nd7 18. Nh4 Rfe8 19. f4 Qb6 20. g4 e5 21. Nf5 Re6
22. Qf2 exf4 23. Rxe6 fxe6 24. Nh4 Rf8 25. Ng6 Rf6 26. h4 e5 27. g5 hxg5 28.
hxg5 Rxg6 29. Bxg6 Nxd4 30. Bh5 Nc5 31. cxd4 Ne4 32. Qf3 Qxd4+ 33. Kh2 Qxb2+ 0-1

[Event "Titled Tue 3rd Jan Late"]
[Site "chess.com INT"]
[Date "2025.06.03"]
[Round "1"]
[White "Harriott, Tyrell"]
[Black "Caprio, Guido"]
[Result "0-1"]
[BlackTitle "IM"]
[WhiteElo "1924"]
[BlackElo "2435"]
[WhiteFideId "2086484"]
[BlackFideId "834580"]
[EventDate "2025.06.03"]

1. d4 Nf6 2. e3 b6 3. f4 Bb7 4. Nf3 g6 5. Bd3 Bg7 6. Nbd2 O-O 7. O-O c5 8. f5 d5
9. c3 Ne4 10. fxg6 hxg6 11. Bxe4 dxe4 12. Ng5 Qd5 13. Qg4 Bh6 14. Ndxe4 f5 15.
Qh3 Kg7 16. c4 Qxc4 17. b3 Qg8 18. dxc5 e5 19. Nd6 Ba6 20. Ngf7 Rxf7 21. Nxf7
Qxf7 22. Re1 bxc5 23. Bb2 Nc6 24. Rad1 Re8 25. Qg3 Kh7 26. Rd6 Bb7 27. Red1 f4
28. exf4 Nd4 29. Qh3 Ne2+ 30. Kh1 Nxf4 31. Qg3 Bxg2+ 32. Qxg2 Nxg2 33. Kxg2 Re7
34. Rf1 Qe8 35. Rdf6 Bf4 36. Bc1 Qa8+ 0-1

[Event "Titled Tue 3rd Jan Late"]
[Site "chess.com INT"]
[Date "2025.06.03"]
[Round "1"]
[White "Tan, Zhongyi"]
[Black "Daianu, Cristian-Clement"]
[Result "1-0"]
[WhiteTitle "GM"]
[BlackTitle "FM"]
[WhiteElo "2536"]
[BlackElo "2205"]
[WhiteFideId "8603642"]
[BlackFideId "1208926"]
[EventDate "2025.06.03"]

1. e4 c5 2. Nf3 d6 3. d4 cxd4 4. Nxd4 Nf6 5. Nc3 a6 6. Be3 e6 7. f3 b5 8. Qd2 b4
9. Na4 Nbd7 10. O-O-O Qc7 11. Kb1 Bb7 12. c4 bxc3 13. Qxc3 Qxc3 14. Nxc3 d5 15.
Nb3 Bb4 16. exd5 Nxd5 17. Nxd5 Bxd5 18. Bd3 Nf6 19. Bd4 O-O 20. Nc5 Rfd8 21. a3
Ba5 22. Bxa6 Bb6 23. Be2 Rab8 24. Na6 Rb7 25. Bxb6 Rxb6 26. Nb4 Rdb8 27. Rd2 g6
28. Rc1 Kg7 29. Rc7 R8b7 30. Rxb7 Rxb7 31. Nxd5 Nxd5 32. Bc4 Nf4 33. g3 Rc7 34.
b3 Nh3 35. a4 Ng5 36. Rd3 e5 37. Kb2 f5 38. a5 Kf6 39. h4 Nh3 40. Rd6+ Kg7 41.
a6 Ng1 42. Rb6 1-0

[Event "Titled Tue 3rd Jan Late"]
[Site "chess.com INT"]
[Date "2025.06.03"]
[Round "1"]
[White "Dilmukhametov, Artur"]
[Black "Mikhalevski, Victor"]
[Result "1-0"]
[WhiteTitle "FM"]
[BlackTitle "GM"]
[WhiteElo "2276"]
[BlackElo "2513"]
[WhiteFideId "24179922"]
[BlackFideId "2801914"]
[EventDate "2025.06.03"]

1. Nf3 d5 2. d4 Nf6 3. c4 e6 4. Nc3 a6 5. Bg5 dxc4 6. a4 c5 7. dxc5 Qxd1+ 8.
Rxd1 Bxc5 9. e3 Nc6 10. Bxc4 O-O 11. O-O Bb4 12. Bxf6 gxf6 13. Ne4 Kg7 14. Nd6
Na5 15. b3 Rd8 16. Nf5+ exf5 17. Rxd8 Rb8 18. Rc1 Nc6 19. Re8 Bd7 20. Rxb8 Nxb8
21. Bd5 Nc6 22. Nd4 Nxd4 23. exd4 b5 24. Rc7 Be8 25. axb5 axb5 26. Bc6 Bxc6 27.
Rxc6 Be7 28. d5 Kf8 29. d6 Bd8 30. Rc5 b4 31. Rb5 Ke8 32. Rxb4 Kd7 33. Rd4 Bb6
34. Rf4 Ke6 35. d7 Bc7 36. Rd4 Bd8 37. b4 Ke5 38. Rd1 Ke6 39. b5 Ke7 40. Kf1 Bb6
41. g3 h5 42. Kg2 Kd8 43. Kh3 Bxf2 44. Rd5 h4 45. Rxf5 hxg3 46. hxg3 Bd4 47. Rd5
Bf2 48. Kg2 Ba7 49. Kf3 Bb8 50. g4 Be5 51. Ke4 Bc7 52. Kf5 Ke7 53. d8=Q+ Bxd8
54. Rxd8 Kxd8 55. Kxf6 Ke8 56. b6 1-0

[Event "Titled Tue 3rd Jan Late"]
[Site "chess.com INT"]
[Date "2025.06.03"]
[Round "1"]
[White "Toroptseva, Yevheniia"]
[Black "Sapocinic, Semion"]
[Result "1/2-1/2"]
[WhiteTitle "WFM"]
[BlackTitle "FM"]
[WhiteElo "2064"]
[BlackElo "2309"]
[WhiteFideId "34109374"]
[BlackFideId "13908693"]
[EventDate "2025.06.03"]

1. c3 d5 2. d4 c6 3. g3 Bf5 4. Bg2 e6 5. Nd2 Nf6 6. f3 Nbd7 7. e4 Bg6 8. Ne2 Be7
9. O-O O-O 10. e5 Ne8 11. f4 f6 12. Bh3 Bf5 13. Bxf5 exf5 14. Qc2 g6 15. Nf3 Nc7
16. Be3 Ne6 17. c4 Nb6 18. b3 fxe5 19. fxe5 c5 20. Rad1 cxd4 21. Nexd4 Nxd4 22.
Bxd4 Rc8 23. Qd2 dxc4 24. Qh6 Qc7 25. e6 Bf6 26. Bxf6 Rxf6 27. Rfe1 Qe7 28. Ng5
c3 29. Qh4 c2 30. Rc1 Nd5 31. Nxh7 Qxh7 32. Qd4 Qe7 33. Qxd5 Kf8 34. Re2 Qc5+
35. Qxc5+ Rxc5 36. Rcxc2 Rxc2 37. Rxc2 Rxe6 38. Rc7 Re7 39. Rxe7 Kxe7 40. Kf2
Ke6 41. Ke3 Ke5 42. h4 b5 43. b4 a6 44. a3 Ke6 45. Kd4 Kd6 46. Ke3 Ke5 47. Kd3
Kd5 48. Ke3 Ke5 49. Kf3 Ke6 50. Kf4 Kf6 51. Ke3 g5 52. hxg5+ Kxg5 53. Kf3 Kg6
54. Ke3 Kf6 55. Kf4 Ke6 56. Ke3 Kf6 57. Kf4 Kg6 58. Ke3 Kh5 59. Kf4 Kg6 60. Ke3 1/2-1/2

[Event "Titled Tue 3rd Jan Late"]
[Site "chess.com INT"]
[Date "2025.06.03"]
[Round "1"]
[White "Lissillour, Baptiste"]
[Black "Tatarinov, Dmitry"]
[Result "0-1"]
[WhiteTitle "FM"]
[BlackTitle "FM"]
[WhiteElo "2318"]
[BlackElo "2344"]
[WhiteFideId "45179620"]
[BlackFideId "24160067"]
[EventDate "2025.06.03"]

1. e4 c5 2. Nf3 Nc6 3. d4 cxd4 4. Nxd4 g6 5. c4 Bg7 6. Be3 Nf6 7. Nc3 O-O 8. Be2
a5 9. O-O a4 10. Ndb5 d6 11. f3 Be6 12. Nxa4 Nd7 13. Rc1 f5 14. exf5 Rxf5 15. b3
Be5 16. Nd4 Nxd4 17. Bxd4 Bf4 18. Bd3 Rh5 19. Rc2 Ne5 20. Bxe5 Bxe5 21. f4 Bd4+
22. Kh1 Bf6 23. Be2 Rha5 24. Bg4 Bf7 25. Bf3 Qc7 26. Re1 Kg7 27. g3 Be8 28. Nc3
Bxc3 29. Rxc3 Rxa2 30. Rce3 Qc5 31. Rxe7+ Kf8 32. Rxh7 Ra1 33. Qxa1 Rxa1 34.
Rxa1 Bf7 35. Re1 Kg8 36. Rh4 b5 37. cxb5 Qxb5 38. g4 Qxb3 39. Bg2 Qc3 40. Rf1
Bc4 41. Rg1 Qf6 42. g5 Qd4 43. Rh6 Kg7 44. Rh4 Bd3 45. Re1 Bf5 46. Rg1 d5 47.
Bh3 Be4+ 48. Bg2 Bf5 49. Bh3 Bxh3 50. Rxh3 Qe4+ 51. Rg2 d4 52. Ra3 d3 53. Ra7+
Kg8 54. Kg1 Qe3+ 55. Kf1 Qxa7 0-1

[Event "Titled Tue 3rd Jan Late"]
[Site "chess.com INT"]
[Date "2025.06.03"]
[Round "1"]
[White "Loskutova, Viktoriya"]
[Black "Gabrielian, Artur"]
[Result "0-1"]
[WhiteTitle "WFM"]
[BlackTitle "GM"]
[WhiteElo "2066"]
[BlackElo "2419"]
[WhiteFideId "34166278"]
[BlackFideId "4131002"]
[EventDate "2025.06.03"]

1. e4 c5 2. Nf3 d6 3. d4 cxd4 4. Nxd4 Nf6 5. Nc3 Nc6 6. Bg5 Bd7 7. Qd3 Rc8 8.
O-O-O Nxd4 9. Qxd4 Qa5 10. f4 h6 11. Bxf6 gxf6 12. Kb1 Bg7 13. f5 Qc5 14. Qd3 h5
15. Qf3 h4 16. Bb5 Bxb5 17. Rd5 Qc6 18. Rxb5 Bh6 19. Rd1 a6 20. Rb3 Bg5 21. Qf2
b5 22. Nd5 Kf8 23. Rc3 Qb7 24. Qb6 Qa8 25. Nxe7 Rxc3 26. Qxd6 Kg7 27. bxc3 Qxe4
28. Nd5 Qxg2 29. Qc5 Qxh2 30. Rg1 Qe5 31. Qc6 Rh6 32. Nc7 h3 33. Ne8+ Kf8 34.
Nd6 Kg7 35. Rd1 Rh8 36. Qd7 Rf8 0-1

[Event "Titled Tue 3rd Jan Late"]
[Site "chess.com INT"]
[Date "2025.06.03"]
[Round "1"]
[White "Llorente Zaro, Alfonso"]
[Black "Hernandez Leon, Sergio"]
[Result "1-0"]
[WhiteTitle "IM"]
[BlackTitle "CM"]
[WhiteElo "2433"]
[BlackElo "2106"]
[WhiteFideId "2254131"]
[BlackFideId "2285622"]
[EventDate "2025.06.03"]

1. b4 e5 2. Bb2 Nf6 3. Bxe5 Bxb4 4. c4 Nc6 5. Bc3 Bxc3 6. Nxc3 O-O 7. Nf3 d5 8.
cxd5 Nxd5 9. Nxd5 Qxd5 10. e3 Bg4 11. Be2 Rad8 12. d4 Qa5+ 13. Qd2 Bxf3 14. Bxf3
Qxd2+ 15. Kxd2 Na5 16. Rhc1 Rd7 17. Rab1 b6 18. Ke1 f5 19. g3 g6 20. Rc3 Kg7 21.
Rbc1 Rff7 22. h4 Rfe7 23. Kf1 a6 24. Be2 b5 25. a4 c6 26. axb5 cxb5 27. Ra3 Nc4
28. Bxc4 bxc4 29. Rxa6 Rc7 30. Ra4 c3 31. Ra3 c2 32. Ra2 Kf6 33. Raxc2 Rxc2 34.
Rxc2 Rb7 35. Kg2 Rb3 36. Kf3 h5 37. Kf4 Rb1 38. f3 Rf1 39. Rb2 Kf7 40. Rb6 Kg7
41. d5 Kf7 42. Rc6 Rf2 43. Rc1 Kf6 44. Rc6+ Kf7 45. Ra6 Rf1 46. Ra2 Kf6 47. Rd2
Ke7 48. d6+ Kd7 49. e4 fxe4 50. Kxe4 Rg1 51. Kf4 Rf1 52. Rd5 Rf2 53. Rg5 Kxd6
54. Rxg6+ Ke7 55. Rg5 Kf6 56. Rxh5 Ra2 57. Rf5+ Kg6 58. h5+ Kg7 59. g4 Ra4+ 60.
Kg5 1-0

[Event "Titled Tue 3rd Jan Late"]
[Site "chess.com INT"]
[Date "2025.06.03"]
[Round "1"]
[White "Araujo Filho, Luiz Antonio Coel"]
[Black "Cernov, Henrik"]
[Result "1-0"]
[BlackTitle "FM"]
[WhiteElo "2077"]
[BlackElo "2325"]
[WhiteFideId "2130661"]
[BlackFideId "16258312"]
[EventDate "2025.06.03"]

1. d4 Nf6 2. Nf3 d5 3. e3 h6 4. Bd3 c5 5. c3 Nc6 6. Nbd2 Qc7 7. h3 e5 8. dxe5
Nxe5 9. Nxe5 Qxe5 10. Nf3 Qc7 11. O-O Bd6 12. c4 dxc4 13. Bxc4 O-O 14. Qc2 a6
15. a4 Rb8 16. a5 Rd8 17. b3 Bd7 18. Bb2 Be7 19. Ne5 Bc6 20. Nxc6 Qxc6 21. Rad1
Qe4 22. Qc3 Rxd1 23. Rxd1 Rd8 24. Rxd8+ Bxd8 25. Bd3 Qb4 26. Qxb4 cxb4 27. Bxf6
Bxf6 28. Be4 Bd8 29. Bxb7 Bxa5 30. Bxa6 Kf8 31. Kf1 Ke7 32. Ke2 Kd6 33. Kd3 Kd5
34. Bc4+ Ke5 35. Bxf7 g5 36. f3 Bb6 37. Bg6 Ba7 38. g3 Bb6 39. f4+ Kf6 40. Bh7
h5 41. g4 hxg4 42. hxg4 Ba7 43. Ke4 Bb6 44. Bg8 Ba7 45. Bc4 Bb6 46. Kf3 Ba7 47.
e4 gxf4 48. Kxf4 Bb8+ 49. Ke3 Be5 50. Kd3 Bc3 51. Bd5 Be1 52. Kc4 Bc3 53. Bc6
Bd2 54. Kd5 Bc3 55. Bb7 Bb2 56. Bc8 Bc3 57. Kd6 Be5+ 58. Kd7 Bc3 59. Kd6 Be5+
60. Kd5 Bc3 61. g5+ Kxg5 62. e5 Kg6 63. e6 Kg7 64. Kd6 Bf6 65. e7 Kf7 66. Be6+
Ke8 67. Bd7+ 1-0